<?xml version="1.0" encoding="UTF-8"?>
<record
    xmlns:xsi="http://www.w3.org/2001/XMLSchema-instance"
    xsi:schemaLocation="http://www.loc.gov/MARC21/slim http://www.loc.gov/standards/marcxml/schema/MARC21slim.xsd"
    xmlns="http://www.loc.gov/MARC21/slim">

  <leader>00774nam a2200229   4500</leader>
  <datafield tag="952" ind1=" " ind2=" ">
    <subfield code="a">0001</subfield>
    <subfield code="b">0001</subfield>
    <subfield code="d">2020-12-21</subfield>
    <subfield code="l">0</subfield>
    <subfield code="o">ATA 923.156 A72h 2018</subfield>
    <subfield code="p">003841</subfield>
    <subfield code="r">2020-12-21 00:00:00</subfield>
    <subfield code="w">2020-12-21</subfield>
    <subfield code="x">Emine Ba&#x15F;ak Alkan Ba&#x11F;&#x131;&#x15F;&#x131;d&#x131;r.</subfield>
    <subfield code="y">BKS</subfield>
  </datafield>
  <datafield tag="999" ind1=" " ind2=" ">
    <subfield code="c">14301</subfield>
    <subfield code="d">14301</subfield>
  </datafield>
  <controlfield tag="003">MIRAKIL</controlfield>
  <controlfield tag="005">20201221153409.0</controlfield>
  <controlfield tag="008">201221b        tu ||||| |||| 00| 0 tur d</controlfield>
  <datafield tag="020" ind1=" " ind2=" ">
    <subfield code="a">9789752439627</subfield>
  </datafield>
  <datafield tag="040" ind1=" " ind2=" ">
    <subfield code="a">TR-AnCHP</subfield>
    <subfield code="c">TR-AnCHP</subfield>
  </datafield>
  <datafield tag="041" ind1=" " ind2=" ">
    <subfield code="a">TUR</subfield>
  </datafield>
  <datafield tag="082" ind1=" " ind2=" ">
    <subfield code="a">ATA 923.156</subfield>
    <subfield code="b">A72h 2018</subfield>
  </datafield>
  <datafield tag="100" ind1="1" ind2=" ">
    <subfield code="a">Atat&#xFC;rk, Gazi Mustafa Kemal</subfield>
    <subfield code="d">1881-1938</subfield>
  </datafield>
  <datafield tag="245" ind1="1" ind2="0">
    <subfield code="a">Hat&#x131;ra Notlar&#x131; 1916/</subfield>
    <subfield code="c">Mustafa Kemal Atat&#xFC;rk; yay&#x131;na haz&#x131;rlayan Hakan T&#xFC;rkkan.</subfield>
  </datafield>
  <datafield tag="250" ind1=" " ind2=" ">
    <subfield code="a">2 bs.</subfield>
  </datafield>
  <datafield tag="260" ind1=" " ind2=" ">
    <subfield code="a">&#x130;stanbul:</subfield>
    <subfield code="b">Kopernik Kitap,</subfield>
    <subfield code="c">2018.</subfield>
  </datafield>
  <datafield tag="300" ind1=" " ind2=" ">
    <subfield code="a">126 s.:</subfield>
    <subfield code="c">21 sm.</subfield>
  </datafield>
  <datafield tag="490" ind1="0" ind2=" ">
    <subfield code="a">Kopernik Kitap;</subfield>
    <subfield code="a">Tarih;</subfield>
    <subfield code="v">50.</subfield>
    <subfield code="v">4.</subfield>
  </datafield>
  <datafield tag="600" ind1="1" ind2="4">
    <subfield code="9">1465</subfield>
    <subfield code="a">Atat&#xFC;rk, Gazi Mustafa Kemal</subfield>
    <subfield code="c">T&#xFC;rkiye Cumhuriyeti Cumhurba&#x15F;kan&#x131;</subfield>
    <subfield code="d">1881-1938</subfield>
    <subfield code="x">An&#x131;lar</subfield>
  </datafield>
  <datafield tag="700" ind1=" " ind2=" ">
    <subfield code="9">6652</subfield>
    <subfield code="a">T&#xFC;rkkan, Hakan</subfield>
    <subfield code="e">yay. haz.</subfield>
  </datafield>
  <datafield tag="942" ind1=" " ind2=" ">
    <subfield code="2">ddc</subfield>
    <subfield code="c">BKS</subfield>
  </datafield>
</record>
